000 00280nam a22000977a 4500
008 221006b |||||||| |||| 00| 0 eng d
020 _a9780241342794
100 _aKinney Jeff
_97570
245 _aDiary of a Wimpy Kid ( Do It Yourself Book )
260 _aUK
_bPenguin Random House
_c2018
999 _c12060
_d12060